000 01469nam a2200349 i 4500
003 EG-GICUC
005 20260509140037.0
008 260509s1989 ua |||fr|||| 00| 0 Ara d
017 _a7198/1989
040 _a EG-GICUC
_bara
_c EG-GICUC
_d EG-GICUC
_erda
041 0 _aAra
082 0 4 _221
_a343.415
_bق ا
092 0 4 _221
099 _aLaw1 10 343.415 ق ا 1989
245 0 0 _aقانون الكسب غير المشروع ولائحته التنفيذية والقرارات المنفذة له /
_cإعداد ومراجعة سميرة محمود شوقى، عبدالستار فرج خليل.
250 _aالطبعة الرابعة
264 3 _aالقاهرة :
_bالهيئة العامة لشئون المطابع الأميرية،
_c1989.
300 _a58 ؛صفحة
_c24 سم.
_bإيضاحيات، صور، مثيليات ؛
336 _2rda content
_atext
337 _2rda media
_aComputer
338 _2rda carrier
_aOnline Resource
504 _a. 240-220 ببليوجرافيا: صفحات.
546 _aالنص باللغة العربية
650 1 _aقانون العقوبات شأن الكسب غير المشروع
_2qrmak
650 1 _aالقانون الجنائى
_2qrmak
651 1 _2qrmak
700 0 _aسميرة محمود شوقى
_eمعد.
700 0 _aعبدالستار فرج خليل
_eمعد.
856 4 0 _uhttps://fll.law.cu.edu.eg/fulltext/bks/B10-12147.pdf
905 _a54
942 _2ddc
_cBK
_e21
_n0
999 _c76378
_d76378